| 000 | 01462na a2200373 4500 | ||
|---|---|---|---|
| 001 | 19390 | ||
| 003 | MIRAKIL | ||
| 005 | 20181213154914.0 | ||
| 008 | 161214b tu 000 0 | ||
| 035 | _a19390 | ||
| 040 |
_aMilas _btur _cTR-AnCHP |
||
| 041 | _atur | ||
| 082 |
_aCHP 324.2372 _bC36h 2001 |
||
| 090 | _aBROŞÜR 61 | ||
| 110 |
_aCumhuriyet Halk Partisi (CHP) _bGenel Merkez |
||
| 240 | _aHalkla birlikte çözüm | ||
| 245 |
_aHalkla birlikte çözüm _bAfyon - Antalya - Aydın - Burdur - Denizli - Isparta - Konya - Muğla _cCHP Genel Merkezi |
||
| 246 | _aAfyon - Antalya - Aydın - Burdur - Denizli - Isparta - Konya - Muğla | ||
| 260 |
_aAnkara _bCHP _c2001 |
||
| 300 |
_ac.7 _c16 sm. |
||
| 440 |
_aCumhuriyet Halk Partisi yayınları _pBildiriler |
||
| 505 | _aPolitika üretimine halkçı katkı / Deniz Baykal - | ||
| 610 |
_aCHP _xToplumsal sorunlar _yÇözüm önerileri _zEge bölgesi |
||
| 610 |
_aCHP _xBölgesel araştırmalar _yÇözüm önerileri _zEge bölgesi |
||
| 610 |
_aCHP _xBölgesel gelişme stratejileri _yBaykal dönemi _zEge bölgesi |
||
| 650 |
_aToplumsal sorunlar _xBölgesel araştırmalar _yBildiriler _zEge bölgesi |
||
| 651 |
_aTürkiye _xSosyo ekonomik durum _y2000- _zEge bölgesi |
||
| 657 |
_aHalkla birlikte çözüm projesi _zEge bölgesi |
||
| 700 | _a | ||
| 740 | _aPolitika üretimine halkçı katkı / Deniz baykal | ||
| 830 | _aCHP yayınları | ||
| 942 |
_2ddc _cBKS |
||
| 999 |
_c2945 _d2945 |
||